00290nam a2200121Ia 4500008004100000100001900041245002000060260004400080300000900124650001300133942000700146999001500153190216s9999||||xx |||||||||||||| ||und|| aAlvin H Hansen 0aGuide To Keynes bMcgraw-Hill International Editionc1953 a237p aCommerce cBK c4753d4753